Geography Quiz

Random Geography or City Quiz

Click the Capitals: M Quiz Stats

 Plays Quiz Updated Dec 15, 2016

Challenge
Share
Tweet
Score 0/19 Timer 02:00
5 Plays Today
% Correct
Moscow
96.1%
Madrid
95.7%
Mexico City
94.8%
Monaco
94.4%
Minsk
92.2%
Manila
90.4%
Montevideo
86.7%
Mogadishu
78.1%
Managua
76.4%
Muscat
74%
% Correct
Monrovia
65.4%
Malé
57.9%
Malabo
57%
Maputo
50.2%
Moroni
48.9%
Manama
48.3%
Majuro
46.7%
Mbabane
45.3%
Maseru
40.7%

You're not logged in!

Compare scores with friends on all Sporcle quizzes.
OR
Log In

You Might Also Like...

Show Comments

Extras

Top Quizzes Today


Score Distribution

Your Account Isn't Verified!

In order to create a playlist on Sporcle, you need to verify the email address you used during registration. Go to your Sporcle Settings to finish the process.

Report this User

Report this user for behavior that violates our Community Guidelines.

Details: